The ceremonial of power: The Mughal empire under Shah Jahan (Record no. 531026)
[ view plain ]
| 000 -LEADER | |
|---|---|
| fixed length control field | 00601nam a22001457a 4500 |
| 008 - FIXED-LENGTH DATA ELEMENTS--GENERAL INFORMATION | |
| fixed length control field | 250724b ||||| |||| 00| 0 eng d |
| 100 ## - MAIN ENTRY--PERSONAL NAME | |
| Personal name | Faruqui, Munis D. |
| 245 ## - TITLE STATEMENT | |
| Title | The ceremonial of power: The Mughal empire under Shah Jahan |
| 260 ## - PUBLICATION, DISTRIBUTION, ETC. (IMPRINT) | |
| Place of publication, distribution, etc | The Indian Economic and Social History Review |
| 300 ## - PHYSICAL DESCRIPTION | |
| Extent | 62(2), Apr-Jun, 2025: p.270-272 |
| 520 ## - SUMMARY, ETC. | |
| Summary, etc | Harit Joshi, (Delhi: Primus Books, 2024), 503 pp.- Reproduced https://journals.sagepub.com/doi/full/10.1177/00194646251322476 |
| 773 ## - HOST ITEM ENTRY | |
| Main entry heading | The Indian Economic and Social History Review |
| 906 ## - LOCAL DATA ELEMENT F, LDF (RLIN) | |
| Subject DIP | BOOK REVIEW |
| 942 ## - ADDED ENTRY ELEMENTS (KOHA) | |
| Item type | Articles |
| Withdrawn status | Lost status | Source of classification or shelving scheme | Damaged status | Not for loan | Permanent location | Current location | Date acquired | Serial Enumeration / chronology | Barcode | Date last seen | Koha item type |
|---|---|---|---|---|---|---|---|---|---|---|---|
| Indian Institute of Public Administration | Indian Institute of Public Administration | 2025-07-24 | 62(2), Apr-Jun, 2025: p.270-272 | AR136782 | 2025-07-24 | Articles |
